000 00338nam a2200109Ia 4500
008 221009s9999 xx 000 0 und d
082 _a398
100 _aराय मन्‍मथ
_938927
245 0 _aप्राचीन लोकोत्‍सव
260 _bसाहित्‍य भवन लिमिटेड
942 _cBK
999 _c64619
_d64619